Cuộc nổi loạn trên tàu Bounty
Gorde:
| Egile nagusia: | |
|---|---|
| Formatua: | Liburua |
| Hizkuntza: | Undetermined |
| Argitaratua: |
Thành phố Hồ Chí Minh
Văn nghệ
1998
|
| Gaiak: | |
| Etiketak: |
Etiketa erantsi
Etiketarik gabe, Izan zaitez lehena erregistro honi etiketa jartzen!
|
| Thư viện lưu trữ: | Trung tâm Học liệu Trường Đại học Cần Thơ |
|---|
| LEADER | 00579nam a2200193Ia 4500 | ||
|---|---|---|---|
| 001 | CTU_37381 | ||
| 008 | 210402s9999 xx 000 0 und d | ||
| 020 | |c 4000 | ||
| 082 | |a 823.9 | ||
| 082 | |b V628 | ||
| 100 | |a Vicary, Tim | ||
| 245 | 0 | |a Cuộc nổi loạn trên tàu Bounty | |
| 245 | 0 | |c Tim Vicary ; Phạm Viêm Phương (dịch) | |
| 260 | |a Thành phố Hồ Chí Minh | ||
| 260 | |b Văn nghệ | ||
| 260 | |c 1998 | ||
| 650 | |a English literature,Văn học Anh | ||
| 904 | |i Trong Hieu | ||
| 980 | |a Trung tâm Học liệu Trường Đại học Cần Thơ | ||